000 00211nam a22000977a 4500
082 _a808 HEM'I
245 _aHEMINGWAY FOR WHON THE BELL TOLLS
260 _aNEWYORK
_bBANTAM
_c1961
300 _a502P
942 _cBK
999 _c583668
_d583668